000 00561nji a22001817a 4500
005 20150804143109.0
008 150804b xxu||||| |||| 00| 0 eng d
010 _aDVD-008768-771
024 _c499.00
028 _bAnu Electronics
035 _aDVD-008768-771
245 _aDream House/
260 _aDelhi
_bAnu Electronics
270 _aShop No: 562, Old Lajpat Market, Chandni Chowk
_bDelhi
_e110006
300 _a4 discs
942 _2ddc
_cCF
999 _c95440
_d95440